ذوق : سوانح اور انتقاد / Z̲auq : savāniḥ aur intiqād / (Record no. 85118)
[ view plain ]
| 000 -LEADER | |
|---|---|
| fixed length control field | 00902naa a2200217 a 4500 |
| 001 - CONTROL NUMBER | |
| control field | 85118 |
| 003 - CONTROL NUMBER IDENTIFIER | |
| rucl marc code | BD-RjUL |
| 005 - DATE AND TIME OF LATEST TRANSACTION | |
| control field | 20250703142018.0 |
| 008 - FIXED-LENGTH DATA ELEMENTS--GENERAL INFORMATION | |
| fixed length control field | 250703s1963 pk ||||| |||| 00| 0 urd d |
| 035 ## - SYSTEM CONTROL NUMBER | |
| System control number | (BD-RjUL)85118 |
| 040 ## - CATALOGING SOURCE | |
| Original cataloging agency | BD-RjUL |
| Language of cataloging | eng |
| Transcribing agency | BD-RjUL |
| 041 ## - LANGUAGE CODE | |
| Language code of text/sound track or separate title | eng |
| 082 ## - DEWEY DECIMAL CLASSIFICATION NUMBER | |
| Edition number | 23 |
| Classification number | 891.4391092 |
| Author mark and year | ALZ 1963 |
| 100 ## - MAIN ENTRY--PERSONAL NAME | |
| Personal name | :علوى، تنوىر احمد. / ʻAlvī., Tanvīr Aḥmad |
| 9 (RLIN) | 15883 |
| 245 10 - TITLE STATEMENT | |
| Title | ذوق : سوانح اور انتقاد / Z̲auq : savāniḥ aur intiqād / |
| Statement of responsibility, etc. | Authors:تنوىر احمد علوى., علوى، تنوىر احمد. / Tanvīr Aḥmad ʻAlvī., Tanvīr Aḥmad ʻAlvī |
| 260 ## - PUBLICATION, DISTRIBUTION, ETC. (IMPRINT) | |
| Place of publication, distribution, etc. | Lāhaur,: |
| Name of publisher, distributor, etc. | مجلس ترقّى ادب/ Majlis-i Taraqqī-yi Adab, |
| Date of publication, distribution, etc. | 1963 |
| 300 ## - PHYSICAL DESCRIPTION | |
| Pagination | 354 p. ; |
| Size | 22 cm |
| 600 ## - SUBJECT ADDED ENTRY--PERSONAL NAME | |
| Personal name | Z̲auq, Shaik̲h̲ Muḥammad Ibrāhīm, |
| Chronological subdivision | 1789-1854 |
| 650 ## - SUBJECT ADDED ENTRY--TOPICAL TERM | |
| Topical term or geographic name as entry element | (اردو شاعری ) |
| Form subdivision | تنقید و تجزیہ |
| 9 (RLIN) | 15885 |
| 942 ## - ADDED ENTRY ELEMENTS (KOHA) | |
| Source of classification or shelving scheme | Dewey Decimal Classification |
| Koha item type | Books |
| Lost status | Source of classification or shelving scheme | Damaged status | Not for loan | Collection code | Permanent Location | Current Location | Shelving location | Date acquired | Total Checkouts | Full call number | Date last seen | Copy number | Koha item type |
|---|---|---|---|---|---|---|---|---|---|---|---|---|---|
| Dewey Decimal Classification | Not For Loan | Non-fiction | Central Library, University of Rajshahi | Central Library, University of Rajshahi | Reading Room | 03/07/2025 | U 891.4391092 ALZ 1963 | 03/07/2025 | C-1 | Books |